Conozca el UNICEF

Detalhes bibliográficos
Autor Corporativo: UNICEF
Formato: Livro
Idioma:espanhol
Publicado em: Nueva York, US : UNICEF, 2004
Assuntos:

MARC

LEADER 00000nam a2200000Ia 4500
008 170307b2004 u ||||| |||| 00| | spa d
999 |c 1137  |d 1137 
090 |a 01.03.02  |b  791 
110 2 |9 569  |a UNICEF 
245 1 0 |a Conozca el UNICEF 
260 |a Nueva York, US :   |b UNICEF,   |c 2004 
300 |a 13 páginas 
610 2 0 |9 569  |a UNICEF 
650 1 4 |a NIÑOS  |9 59 
942 |i 001335 ,001942   |h 01.03.02 791  |2 z  |c 01